Ngo accountability : (Record no. 14890)
[ view plain ]
| 000 -LEADER | |
|---|---|
| fixed length control field | 01917nam a2200265 a 4500 |
| 001 - CONTROL NUMBER | |
| control field | ASIN1844073688 |
| 003 - CONTROL NUMBER IDENTIFIER | |
| control field | OSt |
| 005 - DATE AND TIME OF LATEST TRANSACTION | |
| control field | 20170105102906.0 |
| 008 - FIXED-LENGTH DATA ELEMENTS--GENERAL INFORMATION | |
| fixed length control field | 131024s2006 xxu eng d |
| 020 ## - INTERNATIONAL STANDARD BOOK NUMBER | |
| International Standard Book Number | 1844073688 (hardcover) |
| Terms of availability | $135.00 |
| 020 ## - INTERNATIONAL STANDARD BOOK NUMBER | |
| International Standard Book Number | 9781844073689 (hardcover) |
| 040 ## - CATALOGING SOURCE | |
| Original cataloging agency | a |
| 050 04 - LIBRARY OF CONGRESS CALL NUMBER | |
| Classification number | JZ4841 |
| 082 04 - DEWEY DECIMAL CLASSIFICATION NUMBER | |
| Classification number | 352.106 |
| Author Mark | NON 2006 |
| 245 00 - TITLE STATEMENT | |
| Title | Ngo accountability : |
| Remainder of title | politics, principles and innovations / |
| Statement of responsibility, etc. | Lisa Jordan, Peter van Tuijl, Mike Edwards. |
| 260 ## - PUBLICATION, DISTRIBUTION, ETC. | |
| Place of publication, distribution, etc. | [S.l.] : |
| Name of publisher, distributor, etc. | Routledge, |
| Date of publication, distribution, etc. | 2006. |
| 300 ## - PHYSICAL DESCRIPTION | |
| Extent | 288 p. ; |
| Dimensions | 24 cm. |
| 520 ## - SUMMARY, ETC. | |
| Summary, etc. | As the fastest growing segment of civil society, as well as featuring prominently in the global political arena, NGOs are under fire for being 'unaccountable'. But who do NGOs actually represent? Who should they be accountable to and how? This book provides the first comprehensive examination of the issues and politics of NGO accountability across all sectors and internationally. It offers an assessment of the key technical tools available including legal accountability, certification and donor-based accountability regimes, and questions whether these are appropriate and viable options or attempts to 'roll-back' NGOs to a more one-dimensional function as organizers of national and global charity. Input and case studies are provided from NGOs such as ActionAid, and from every part of the globe including China, Indonesia and Uganda. In the spirit of moving towards greater accountability the book looks in detail at innovations that have developed from within NGOs and offers new approaches and flexible frameworks that enable accountability to become a reality for all parties worldwide. |
| 650 #0 - SUBJECT ADDED ENTRY--TOPICAL TERM | |
| Topical term or geographic name entry element | Non-governmental organizations |
| 700 1# - ADDED ENTRY--PERSONAL NAME | |
| Personal name | Edwards, Mike. |
| 700 1# - ADDED ENTRY--PERSONAL NAME | |
| Personal name | Jordan, Lisa. |
| 700 1# - ADDED ENTRY--PERSONAL NAME | |
| Personal name | Tuijl, Peter van. |
| 856 40 - ELECTRONIC LOCATION AND ACCESS | |
| Materials specified | Amazon.com |
| Uniform Resource Identifier | <a href="http://www.amazon.com/exec/obidos/ASIN/1844073688/chopaconline-20">http://www.amazon.com/exec/obidos/ASIN/1844073688/chopaconline-20</a> |
| 942 ## - ADDED ENTRY ELEMENTS (KOHA) | |
| Source of classification or shelving scheme | |
| Koha item type | Book |
| Withdrawn status | Lost status | Damaged status | Not for loan | Collection code | Permanent Location | Current Location | Shelving location | Date acquired | Total Checkouts | Full call number | Barcode | Date last seen | Price effective from | Koha item type |
|---|---|---|---|---|---|---|---|---|---|---|---|---|---|---|
| Centre for International Peace & Stability (CIPS) | Centre for International Peace & Stability (CIPS) | General Stacks | 10/01/2013 | 352.106 NON 2006 | CIPS0001400 | 10/24/2013 | 10/24/2013 | Book |
